LEADER 01487nam a2200289 i 4500 001 000000249522 003 CaOOAMICUS 005 20160527000000.0 008 160527s2016 it u000 u ita u 013 $a228427 020 $a978-88-8227-462-7 040 $aSeMil$bita 245 10$aPacomio, servo di Dio e degli uomini :$bfonti greche sulla vita di Pacomio e dei suoi discepoli /$cintroduzione generale di William Harmless ; introduzione, traduzione e note a cura di Luigi D'Ayala Valva. 260 $aMagnano :$bQiqajon,$c2016. 300 $a602 p. :$bill. ;$c22 cm. 490 0 $aPadri della chiesa: volti e voci 600 04$aPacomio .$0(OLS)http://semarc/subject/6914 650 4$aPacomio - Biografie greche.$0(OLS)http://semarc/subject/24173 700 1 $aD'Ayala Valva, Luigi,$d<1976- >.$0(OLS)http://semarc/name/89120 700 1 $aHarmless, William .$0(OLS)http://semarc/name/26275 830 0$aPadri della chiesa: volti e voci.$0(OLS)http://semarc/title/26515 850 $aSeMil 852 $aSeMil$W1$xVenegono$y1$m2C IV 590$j199868$B199868$CSeMilBibl$Z2$F211918 $81 961 $aAcquisto: Città Nuova (Agente) 996 $6020$a978-88-8227-462-7$9(OLS)http://semarc/number/259673 996 $6245$aPacomio, servo di Dio e degli uomini :$bfonti greche sulla vita di Pacomio e dei suoi discepoli$9(OLS)http://semarc/title/351705 996 $6260$aMagnano :$bQiqajon$9(OLS)http://semarc/publisher/32326 LEADER 01342nam a2200241 i 4500 001 000000013647 003 CaOOAMICUS 005 20200303163741.0 008 180830s1793 it u000 u ita u 040 $aSeMil$bita 100 1 $aGenovesi, Antonio,$d<1713-1769>.$0(OLS)http://semarc/name/2811 245 10$aElementi di fisica sperimentale ad uso de' giovani principianti di Antonio Genovesi trasportati dal latino in italiano dall'abate Marco Fassadoni. Tomo 1. [-2.]. 260 $aIn Venezia :$bPresso Giuseppe Orlandelli, per la dita del fu Francesco di Niccolò Pezzana,$c1793. 300 $a2 v. ;$c8°. 500 $aLegati insieme i 2 vol. 650 4$aFisica - Manuali - Opere anteriori al 1900.$0(OLS)http://semarc/subject/44595 700 1 $aFassadoni, Marco,$d.$0(OLS)http://semarc/name/89909 700 1 $aOrlandelli, Giuseppe,$c.$0(OLS)http://semarc/name/13734 774 0 $tTomo 1.$g1$w()80342 774 0 $tTomo 2.$g2$w()255512 996 $6245$aElementi di fisica sperimentale ad uso de' giovani principianti di Antonio Genovesi trasportati dal latino in italiano dall'abate Marco Fassadoni. Tomo 1. [-2.]$9(OLS)http://semarc/title/401484 996 $6260$aIn Venezia :$bPresso Giuseppe Orlandelli, per la dita del fu Francesco di Niccolò Pezzana$9(OLS)http://semarc/publisher/56010